Rivaldo - Statistics

Estatísticas Gerais
  • Esse quiz foi jogado 56 vezes
  • A pontuação média é 8 de 16
Estatísticas das Respostas
Anos Clubes % Correto
1997-2002 Barcelona
100%
(Seleção)1993-2004 Brasil
90%
1994-1996 Palmeiras
82%
2011 São Paulo
75%
1993-1994(Emp.) Corinthians
71%
2002-2004 Milan
69%
2004 Cruzeiro
59%
1992-1994 Mogi Mirim
53%
2014-2015 Mogi Mirim
53%
1990-1992 Santa Cruz
45%
2004-2007 Olympiacos
35%
1996-1997 Deportivo La Coruña
25%
2013 São Caetano
18%
2007-2008 AEK Atenas
16%
2008-2010 Bunyodkor
10%
2012 Kabuscorp
8%
Nenhum quiz correspondente encontrado
Distribuição das Pontuações
Porcentagem de Pessoas com Cada Pontuação
Percentil de Números Respondidos
Sua Pontuação Histórica
Você não jogou esse quiz